000
00307nam a2200133Ia 4500
008
240112s2005 xx 000 0 und d
041
_a
eng
082
_a
616.34
100
_a
SLRINIRA SAN S.
245
_a
INDIAN JOUR.OF MEDICAL FTHIES
260
_b
MEC
_c
2005
300
_a
147,HB
_c
(4-6)
440
_v
2
999
_c
1141099
_d
1141099